<?xml version="1.0" encoding="UTF-8"?>
<collection xmlns="http://www.loc.gov/MARC21/slim">
 <record>
  <leader>00798pamaa2200229   4500</leader>
  <controlfield tag="001">0000041958</controlfield>
  <controlfield tag="005">20070605090000.0</controlfield>
  <controlfield tag="008">070516         my                  eng  </controlfield>
  <datafield tag="020" ind1="0" ind2="0">
   <subfield code="a">9783131412515 </subfield>
  </datafield>
  <datafield tag="090" ind1="0" ind2="0">
   <subfield code="a">RM184 </subfield>
   <subfield code="b">QUI 2007</subfield>
  </datafield>
  <datafield tag="100" ind1="1" ind2="0">
   <subfield code="a">QUIRICO </subfield>
  </datafield>
  <datafield tag="245" ind1="1" ind2="0">
   <subfield code="a">Teaching atlas of acupuncture  </subfield>
   <subfield code="c">Piero Ettore Quirico, Tiziana Pedrali; </subfield>
   <subfield code="f">translator Ornella Vecchio Bottino.</subfield>
  </datafield>
  <datafield tag="260" ind1="0" ind2="0">
   <subfield code="a">Stuttgart, New York: </subfield>
   <subfield code="b">Thieme, </subfield>
   <subfield code="c">2007.</subfield>
  </datafield>
  <datafield tag="300" ind1=" " ind2=" ">
   <subfield code="a">xll: </subfield>
   <subfield code="b">ill; </subfield>
   <subfield code="c">28 cm.</subfield>
  </datafield>
  <datafield tag="500" ind1="0" ind2="0">
   <subfield code="a">v. 1. Channels and points</subfield>
  </datafield>
  <datafield tag="650" ind1="0" ind2="0">
   <subfield code="a">Acupuncture -- </subfield>
   <subfield code="x">Atlases </subfield>
  </datafield>
  <datafield tag="650" ind1="0" ind2="0">
   <subfield code="a">Acupuncture Therapy -- </subfield>
   <subfield code="x">Atlases </subfield>
  </datafield>
  <datafield tag="650" ind1="0" ind2="0">
   <subfield code="a">Acupuncture Therapy -- </subfield>
   <subfield code="x">Handbooks </subfield>
  </datafield>
  <datafield tag="650" ind1="0" ind2="0">
   <subfield code="a">Acupuncture Points -- </subfield>
   <subfield code="x">Atlases </subfield>
  </datafield>
  <datafield tag="650" ind1="0" ind2="0">
   <subfield code="a">Acupuncture Points -- </subfield>
   <subfield code="x">Handbooks </subfield>
  </datafield>
  <datafield tag="700" ind1="1" ind2="1">
   <subfield code="a">Pedrali, </subfield>
   <subfield code="h">Tiziana </subfield>
  </datafield>
  <datafield tag="901" ind1=" " ind2=" ">
   <subfield code="u">http://www.thieme.com</subfield>
  </datafield>
 </record>
</collection>
